The International Criminal Court : (Record no. 11799)

MARC details
000 -LEADER
fixed length control field 00676nam a22002052 4500
001 - CONTROL NUMBER
control field 0000025553
005 - DATE AND TIME OF LATEST TRANSACTION
control field 20151217154558.0
008 - FIXED-LENGTH DATA ELEMENTS--GENERAL INFORMATION
fixed length control field 151026s xx 000 0 eng d
020 ## - INTERNATIONAL STANDARD BOOK NUMBER
International Standard Book Number 0199560738 :
040 ## - CATALOGING SOURCE
Original cataloging agency KABU
Transcribing agency KABU
100 1# - MAIN ENTRY--PERSONAL NAME
Personal name Schabas, William A.
-- 0000186229
245 14 - TITLE STATEMENT
Title The International Criminal Court :
Remainder of title A Commentary from the Rome statue.
260 ## - PUBLICATION, DISTRIBUTION, ETC. (IMPRINT)
Place of publication, distribution, etc. UK :
Name of publisher, distributor, etc. O.U.P.,
Date of publication, distribution, etc. 2010.
300 ## - PHYSICAL DESCRIPTION
Extent lxx, 1259 p. ;
Dimensions cm.
650 #0 - SUBJECT ADDED ENTRY--TOPICAL TERM
Topical term or geographic name as entry element International Criminal Court.
-- 0000159664
650 #0 - SUBJECT ADDED ENTRY--TOPICAL TERM
Topical term or geographic name as entry element Rome Statute of the International Criminal Court.
-- 0000186230
852 1# - LOCATION
-- P38000KES
908 ## - PUT COMMAND PARAMETER (RLIN)
Put command parameter 151026
950 ## - LOCAL HOLDINGS (RLIN)
-- 1
Holdings
Withdrawn status Lost status Source of classification or shelving scheme Not for loan Home library Current library Date acquired Total Checkouts Full call number Barcode Date last seen Price effective from Koha item type
    Library of Congress Classification   Kabarak, Main Campus Kabarak, Main Campus 17/12/2015   KZ7288 .S328 2010 C.1 021082 17/12/2015 17/12/2015 General Collection
Designed with assistance from East African Informatics Ltd